| Tag |
First Indicator |
Second Indicator |
Subfields |
| LEADER |
00000pam a2200000 a 4500 |
| 001 |
in00000539708 |
| 005 |
20151013172110.0 |
| 008 |
831005s1984 nyua bs 00110 eng |
| 010 |
|
|
|a 83021270
|
| 020 |
|
|
|a 0030579562 (alk. paper) :
|c $31.95 (est.)
|
| 035 |
|
|
|a (OCoLC)10045984
|
| 035 |
|
|
|9 ACH2669AM
|
| 039 |
0 |
|
|a 2
|b 3
|c 3
|d 3
|e 3
|
| 040 |
|
|
|a DLC
|c DLC
|d TXA
|d UtOrBLW
|
| 043 |
|
|
|a n-us---
|
| 049 |
|
|
|a TXAM
|c [936093]
|
| 050 |
0 |
0 |
|a KF8732
|b .M314 1984
|
| 082 |
0 |
|
|a 347.73/203
|a 347.30713
|2 19
|
| 100 |
1 |
|
|a McLauchlan, William P.
|
| 245 |
1 |
0 |
|a Federal court caseloads /
|c William P. McLauchlan.
|
| 264 |
|
1 |
|a New York :
|b Praeger,
|c 1984.
|
| 300 |
|
|
|a xiv, 219 pages :
|b illustrations ;
|c 25 cm.
|
| 336 |
|
|
|a text
|b txt
|2 rdacontent
|
| 337 |
|
|
|a unmediated
|b n
|2 rdamedia
|
| 338 |
|
|
|a volume
|b nc
|2 rdacarrier
|
| 500 |
|
|
|a Includes index.
|
| 504 |
|
|
|a Bibliography: pages 211-214.
|
| 650 |
|
0 |
|a Court administration
|z United States.
|
| 650 |
|
0 |
|a Judicial statistics
|z United States.
|
| 650 |
|
0 |
|a Court congestion and delay
|z United States.
|
| 999 |
|
|
|a MARS
|
| 999 |
f |
f |
|s f1e5b8db-ad6f-3b9a-9c52-7275026212fc
|i 503b9399-bbc2-3220-bd79-31cb5777b4e5
|t 0
|
| 952 |
f |
f |
|p ric
|a Texas A&M University
|b Rellis Campus
|c Joint Library Facility
|d Remote Storage
|t 0
|e KF8732 .M314 1984
|h Library of Congress classification
|i unmediated -- volume
|m A14808787792
|
| 998 |
f |
f |
|a KF8732 .M314 1984
|t 0
|l Remote Storage
|